书目信息 |
| 000 | 00510nam0 2200181 450 | |
| 001 | 0638102530 | |
| 005 | 20061104103814.39 | |
| 100 | @a20061104d km y0chiy0120 ea | |
| 101 | 0 | @achi |
| 200 | 1 | @a日本史话@Ari ben shi hua@e从原始到现代@f桑田忠亲著@Fsang tian zhong qin zhu |
| 210 | @a东京 | |
| 215 | @a236页@d20cm | |
| 517 | 1 | @a从原始到现代@Acong yuan shi dao xian dai |
| 606 | 0 | @a日语 |
| 690 | @aH36@v3 | |
| 701 | 0 | @a桑田忠亲@Asang tian zhong qin@4著 |
| 801 | 0 | @aCN@bPFT@c20061104 |
| 905 | @a10447@dH36@e131 | |
| 日本史话:从原始到现代/桑田忠亲著.-东京 |
| 236页;20cm |
| ISBN : |
| ● |
| 相关链接 |
|
|
|
|
正题名:日本史话
索取号:H36/131
 
预约/预借
| 序号 | 登录号 | 条形码 | 馆藏地/架位号 | 状态 | 备注 |
| 1 | 0154382 | 001305340 | 第二样本阅览室/ [索取号:H36/131] | 在馆 |